000 00696nam a2200241Ia 4500
008 160803s9999 xx 000 0 und d
020 _a9780531147719
100 _aDiConsiglio, John
245 _aOut of control :
245 _bhow to handle anger-- yours and everyone else's /
245 _cJohn DiConsiglio.
260 _aNew York :
260 _bScholastic Inc.
260 _c2008
300 _a112 pages :
300 _billustrations ;
300 _c21 cm.
440 _aChoices (Franklin Watts, Inc.).
650 _aAnger in adolescence --
650 _xJuvenile literature.
700 _a870
700 _aHow to handle anger--yours and everyone else's, added title.
999 _c298766
_d298766